<?xml version="1.0" encoding="UTF-8"?><?xml-stylesheet type="text/xsl" href="static/style.xsl"?><OAI-PMH xmlns="http://www.openarchives.org/OAI/2.0/" xmlns:xsi="http://www.w3.org/2001/XMLSchema-instance" xsi:schemaLocation="http://www.openarchives.org/OAI/2.0/ http://www.openarchives.org/OAI/2.0/OAI-PMH.xsd"><responseDate>2026-05-17T01:18:25Z</responseDate><request verb="GetRecord" identifier="oai:repisalud.isciii.es:20.500.12105/12420" metadataPrefix="marc">https://repisalud.isciii.es/rest/oai/request</request><GetRecord><record><header><identifier>oai:repisalud.isciii.es:20.500.12105/12420</identifier><datestamp>2025-06-23T16:08:28Z</datestamp><setSpec>com_20.500.12105_8144</setSpec><setSpec>com_20.500.12105_5570</setSpec><setSpec>com_20.500.12105_2404</setSpec><setSpec>com_20.500.12105_2403</setSpec><setSpec>col_20.500.12105_8184</setSpec></header><metadata><record xmlns="http://www.loc.gov/MARC21/slim" xmlns:dcterms="http://purl.org/dc/terms/" xmlns:doc="http://www.lyncode.com/xoai" xmlns:xsi="http://www.w3.org/2001/XMLSchema-instance" xsi:schemaLocation="http://www.loc.gov/MARC21/slim http://www.loc.gov/standards/marcxml/schema/MARC21slim.xsd">
   <leader>00925njm 22002777a 4500</leader>
   <datafield ind2=" " ind1=" " tag="042">
      <subfield code="a">dc</subfield>
   </datafield>
   <datafield ind2=" " ind1=" " tag="720">
      <subfield code="a">Otero Dorrego, Carmen</subfield>
      <subfield code="e">author</subfield>
   </datafield>
   <datafield ind2=" " ind1=" " tag="720">
      <subfield code="a">Gálvez Herrer, Macarena</subfield>
      <subfield code="e">author</subfield>
   </datafield>
   <datafield ind2=" " ind1=" " tag="260">
      <subfield code="c">2014-06</subfield>
   </datafield>
   <datafield ind2=" " ind1=" " tag="520">
      <subfield code="a">[ES] Los autores, siguiendo las recomendaciones internacionales, revisamos la situación actual en nuestro medio y proponemos unas líneas generales de actuación, para asegurar una adecuada reincorporación laboral de la persona, la adaptación del puesto de trabajo (desempeño de tareas, interacción del trabajador con equipos y lugares de trabajo, etc.) y el correcto funcionamiento de la organización. Con ello se pretende evitar situaciones de estigmatización y favorecer la adaptación del trabajo a la persona.[EN] The authors, following the international recommendations, we check the current situation in our way and propose a few general lines of performance, to assure a suitable labour reincorporation of the person, the adjustment of the working place (performance of tasks, interaction of the worker with equipments and places of work, etc.) and the correct functioning of the organization. With it one tries to avoid situations of estigmatización and to favor the adjustment of the work to the person.</subfield>
   </datafield>
   <datafield ind1="8" ind2=" " tag="024">
      <subfield code="a">Med Segur Trab 2014; Vol.60 Nº 235;392-405</subfield>
   </datafield>
   <datafield ind1="8" ind2=" " tag="024">
      <subfield code="a">10.4321/S0465-546X2014000200011</subfield>
   </datafield>
   <datafield ind1="8" ind2=" " tag="024">
      <subfield code="a">1989-7790</subfield>
   </datafield>
   <datafield ind1="8" ind2=" " tag="024">
      <subfield code="a">0465-546X</subfield>
   </datafield>
   <datafield ind1="8" ind2=" " tag="024">
      <subfield code="a">Medicina y Seguridad del Trabajo</subfield>
   </datafield>
   <datafield ind1="8" ind2=" " tag="024">
      <subfield code="a">http://hdl.handle.net/20.500.12105/12420</subfield>
   </datafield>
   <datafield tag="653" ind2=" " ind1=" ">
      <subfield code="a">Salud mental</subfield>
   </datafield>
   <datafield tag="653" ind2=" " ind1=" ">
      <subfield code="a">Retorno al trabajo</subfield>
   </datafield>
   <datafield tag="653" ind2=" " ind1=" ">
      <subfield code="a">Intervención en el lugar de trabajo</subfield>
   </datafield>
   <datafield tag="653" ind2=" " ind1=" ">
      <subfield code="a">Medicina del Trabajo</subfield>
   </datafield>
   <datafield tag="653" ind2=" " ind1=" ">
      <subfield code="a">Mental health</subfield>
   </datafield>
   <datafield tag="653" ind2=" " ind1=" ">
      <subfield code="a">Return to the work</subfield>
   </datafield>
   <datafield tag="653" ind2=" " ind1=" ">
      <subfield code="a">Intervention in the workplace</subfield>
   </datafield>
   <datafield tag="653" ind2=" " ind1=" ">
      <subfield code="a">Occupational health</subfield>
   </datafield>
   <datafield ind2="0" ind1="0" tag="245">
      <subfield code="a">Plan de retorno al trabajo tras baja laboral por motivos de salud mental</subfield>
   </datafield>
</record></metadata></record></GetRecord></OAI-PMH>